Zdaňovanie služieb daňou z pridanej hodnoty v roku 2022 (II.)

Pre správne uplatnenie dane z pridanej hodnoty pri službách je potrebné určiť miesto ich dodania. Slovenskou daňou z pridanej hodnoty sa zdaňujú iba tie zdaniteľné obchody, ktoré majú miesto dodania na území SR.

Salvato in:
Dettagli Bibliografici
Autore principale: Rabatinová, Marcela, 1977-
Natura: Capitolo di libro
Lingua:slovacco
Soggetti:
Tags: Aggiungi Tag
Nessun Tag, puoi essere il primo ad aggiungerne!!

MARC

LEADER 00000naa a2200000 4500
001 0289331
005 20240502074431.6
041 0 |a slo 
044 |a SK 
245 1 0 |a Zdaňovanie služieb daňou z pridanej hodnoty v roku 2022 (II.)  |c Marcela Rabatinová 
520 |a Pre správne uplatnenie dane z pridanej hodnoty pri službách je potrebné určiť miesto ich dodania. Slovenskou daňou z pridanej hodnoty sa zdaňujú iba tie zdaniteľné obchody, ktoré majú miesto dodania na území SR. 
610 2 0 |a dane 
610 2 0 |a služby 
610 2 0 |a prostriedky dopravné 
610 2 0 |a prenájom 
610 2 0 |a prenájom zmluvný 
100 1 |a Rabatinová, Marcela, 1977-